00340nam a22001337a 4500020001400000040001000014082001400024110005300038245006500091260001800156300001000174942000700184999001500191 aRUA057428 cKC  a551.48 NA aWorld Association of Soil and water conservation aSoil and Water Assessment Tool (SWAT) : global applications; aDubaibNAcNA a397p. cEK c8356d8356